00477nam a22001697a 450000500170000000800410001702000150005802200150007304100120008808200120010010000120011224500560012425000190018026000550019930000280025465000250028220240924104020.0240924b |||||||| |||| 00| 0 eng d a0409004693 a0409004480 aEnglish a349 JOU lEnglish aThe Law of South Africa /cWA Joubert and JA Faris  aFirst Reissue  aDurban: bButterworth Publishers (Pty) Ltd, c1998 bvii,318 pages; c26 cm. aLegal practice bLaw